Truyền thuyết- truyện cổ dân gian dân tộc Mường vùng huyện Lạc Sơn,tỉnh Hòa Bình
Sưu tầm các câu truyện, truyền thuyết, truyện cổ dân gian ở Lạc Sơn.
Đã lưu trong:
| Tác giả chính: | |
|---|---|
| Định dạng: | Sách |
| Năm xuất bản: |
H.
Văn hóa Thông tin
2014
|
| Chủ đề: | |
| Tags: |
Thêm thẻ
Không có thẻ, Hãy là người đầu tiên gắn thẻ bản ghi này!
|
| LEADER | 01201nam a2200229 4500 | ||
|---|---|---|---|
| 082 | |a 398.209 597 19 |b B 510 H | ||
| 100 | |a Bùi Huy Vọng | ||
| 245 | |a Truyền thuyết- truyện cổ dân gian dân tộc Mường vùng huyện Lạc Sơn,tỉnh Hòa Bình |c Bùi Huy Vọng | ||
| 260 | |a H. |b Văn hóa Thông tin |c 2014 | ||
| 300 | |a 345tr. |c 21cm | ||
| 500 | |a Đầu tên trang sách ghi: Hội văn nghệ dân gian Việt Nam | ||
| 520 | |a Sưu tầm các câu truyện, truyền thuyết, truyện cổ dân gian ở Lạc Sơn. | ||
| 653 | |a Văn học dân gian | ||
| 653 | |a Lạc Sơn | ||
| 653 | |a Hòa Bình | ||
| 653 | |a Việt nam | ||
| 653 | |a Truyền thuyết | ||
| 653 | |a Truyện cổ | ||
| 942 | |2 ddc |c SH | ||
| 999 | |c 5742 |d 5742 | ||
| 952 | |0 0 |1 0 |2 ddc |4 0 |6 398_200000000000000_09_597_19_B_510_H |7 0 |8 300 |9 52606 |a qbu |b qbu |c D2 |d 2014-12-29 |g 69000 |o 398.2 09 597 19 B 510 H |p 4925.C1 |r 0000-00-00 |w 2014-12-29 |y SH |0 0 |6 398_200000000000000_09_597_19_ |0 0 |6 398_200000000000000_09_597_19_ | ||
| 952 | |0 0 |1 0 |2 ddc |4 0 |6 398_200000000000000_09_597_19_B_510_H |7 0 |8 300 |9 76969 |a qbu |b qbu |c D2 |d 2015-06-10 |g 69000 |o 398.2 09 597 19 B 510 H |p 4925.c2 |r 0000-00-00 |w 2015-06-10 |y SH |0 0 |6 398_200000000000000_09_597_19_ | ||